00594nam a22001457a 4500003000500000038001800005082000800023100001800031245021300049264003500262300002400297650003000321700004000351856005700391NUST aNusrat Nadeem a200 aGhias, Rimsha aArtificial neural network based MPPT and conditional controllers with saturated action for multi-renewable hybrid alternating or direct current microgrids in islanded and grid-connected Modes/cRimsha Ghias,  aIslamabad,bSEECS NUST,c2023. aill:b91,p:c30,cm. aMS-Electrical Engineering aSupervisor: Dr. Iftikhar Ahmad Rana uhttp://10.250.8.41:8080/xmlui/handle/123456789/39145